[Event "Bunratty Masters op 24th"]
[Site "Bunratty"]
[Date "2017.02.18"]
[Round "4"]
[White "Doyle, Hugh"]
[Black "Melaugh, Gavin"]
[Result "1-0"]
[WhiteElo "2044"]
[BlackElo "1936"]
[PlyCount "49"]
[EventDate "2017.02.17"]
[EventType "swiss"]
[EventRounds "6"]
[EventCountry "IRL"]
[SourceTitle "EXT 2018"]
[Source "ChessBase"]
[SourceDate "2017.10.13"]
[SourceVersion "1"]
[SourceVersionDate "2017.10.13"]
[SourceQuality "1"]

1. c4 e5 2. g3 Nc6 3. Nc3 f5 4. Nf3 Nf6 5. d4 e4 6. Nh4 d6 7. Bg5 g6 8. Ng2 Bg7 9. Nf4 0-0 10. h4 Qe8 11. e3 Ng4 12. Nfd5 Qf7 13. Nb5 Rb8 14. Nbxc7 a6 15. h5 gxh5 16. Qb3 Bxd4 17. exd4 Nxd4 18. Qc3 Nf3+ 19. Ke2 Nxg5 20. Bg2 Ne5 21. c5 Be6 22. Nxe6 Qxe6 23. Nf4 Qd7 24. Qb3+ Ngf7 25. Rad1 1-0

[Event "Bunratty Masters op 22nd"]
[Site "Bunratty"]
[Date "2015.02.22"]
[Round "6"]
[White "Walton, Alan J"]
[Black "Doyle, Hugh"]
[Result "1/2-1/2"]
[WhiteElo "2130"]
[BlackElo "1924"]
[PlyCount "58"]
[EventDate "2015.02.20"]
[EventType "swiss"]
[EventRounds "6"]
[EventCountry "IRL"]
[SourceTitle "CBM 165 Extra"]
[Source "ChessBase"]
[SourceDate "2015.04.21"]
[SourceVersion "1"]
[SourceVersionDate "2015.04.21"]
[SourceQuality "1"]

1. d4 Nf6 2. Bg5 d5 3. Nd2 Bf5 4. Ngf3 Nbd7 5. e3 e6 6. Bd3 Bg6 7. 0-0 Be7 8. Qe2 0-0 9. c3 Ne4 10. Bxe7 Qxe7 11. Ne1 e5 12. Nxe4 dxe4 13. Bc2 Kh8 14. Qb5 exd4 15. cxd4 Nb6 16. Bb3 c6 17. Qe2 f5 18. f3 exf3 19. Nxf3 Bf7 20. Bxf7 Rxf7 21. Ne5 Rf6 22. Rac1 Re8 23. Rf3 Nd7 24. Nxd7 Qxd7 25. Qd3 Re4 26. Rc5 g6 27. Qxe4 fxe4 28. Rxf6 Qg4 29. Rc3 Kg7 1/2-1/2

[Event "Bunratty Masters op 20th"]
[Site "Bunratty"]
[Date "2013.03.01"]
[Round "1"]
[White "Orr, Mark JL"]
[Black "Doyle, Hugh"]
[Result "1-0"]
[WhiteElo "2240"]
[BlackElo "1920"]
[PlyCount "67"]
[EventDate "2013.03.01"]
[EventType "swiss"]
[EventRounds "6"]
[EventCountry "IRL"]
[SourceTitle "CBM 153 Extra"]
[Source "ChessBase"]
[SourceDate "2013.04.22"]
[SourceVersion "1"]
[SourceVersionDate "2013.04.22"]
[SourceQuality "1"]

1. Nf3 c5 2. c4 Nc6 3. b3 e5 4. d3 g6 5. Bb2 Bg7 6. g3 Nge7 7. Bg2 0-0 8. Nc3 Rb8 9. 0-0 a6 10. e3 b5 11. Qe2 d6 12. Ne1 f5 13. Nd5 Bd7 14. f4 bxc4 15. dxc4 e4 16. Bxg7 Kxg7 17. Qb2+ Kh6 18. Nxe7 Qxe7 19. Nc2 a5 20. Qc3 Qf6 21. Qd2 Rfd8 22. g4 Kg7 23. g5 Qf8 24. Rfd1 Be6 25. Na3 Kf7 26. Bf1 Qh8 27. Nb5 Ke7 28. Rab1 Rd7 29. Qc1 Rbd8 30. Rb2 Qg7 31. Rbd2 Qh8 32. Qa3 Qg7 33. h4 h5 34. Rxd6 1-0

[Event "Bunratty Masters op 19th"]
[Site "Bunratty"]
[Date "2012.02.18"]
[Round "2"]
[White "Doyle, Hugh"]
[Black "O'Connor, Jonathan"]
[Result "0-1"]
[WhiteElo "1910"]
[BlackElo "2116"]
[PlyCount "62"]
[EventDate "2012.02.17"]
[EventType "swiss"]
[EventRounds "6"]
[EventCountry "IRL"]
[SourceTitle "CBM 146 Extra"]
[Source "ChessBase"]
[SourceDate "2012.02.29"]
[SourceVersion "1"]
[SourceVersionDate "2012.02.29"]
[SourceQuality "1"]

1. c4 c5 2. g3 g6 3. Bg2 Bg7 4. Nc3 Nc6 5. Nf3 e6 6. d3 Nge7 7. 0-0 d5 8. Bg5 h6 9. cxd5 exd5 10. Bxe7 Nxe7 11. d4 c4 12. b3 Qa5 13. Rc1 0-0 14. bxc4 dxc4 15. Qa4 Qxa4 16. Nxa4 Rb8 17. e3 b6 18. Ne5 Bxe5 19. dxe5 Be6 20. Rfd1 Rfc8 21. Nc3 b5 22. Ne4 Kf8 23. Kf1 b4 24. Ke1 c3 25. Nf6 Rb5 26. Nd7+ Kg7 27. Rc2 Bxa2 28. Rxa2 b3 29. Rxa7 c2 30. Be4 cxd1Q+ 31. Kxd1 b2 0-1

[Event "Bunratty Masters op 19th"]
[Site "Bunratty"]
[Date "2012.02.18"]
[Round "4"]
[White "Doyle, Hugh"]
[Black "Regan, Natasha"]
[Result "1/2-1/2"]
[WhiteElo "1910"]
[BlackElo "2096"]
[PlyCount "48"]
[EventDate "2012.02.17"]
[EventType "swiss"]
[EventRounds "6"]
[EventCountry "IRL"]
[SourceTitle "CBM 146 Extra"]
[Source "ChessBase"]
[SourceDate "2012.02.29"]
[SourceVersion "1"]
[SourceVersionDate "2012.02.29"]
[SourceQuality "1"]

1. c4 e5 2. g3 Nc6 3. Nc3 f5 4. Nf3 e4 5. Nh4 d6 6. d3 Be7 7. Ng2 Nf6 8. Nf4 exd3 9. Qxd3 Ne5 10. Qd4 c6 11. Bg2 h6 12. h4 Bd7 13. b3 Qa5 14. Bb2 0-0-0 15. h5 Rhe8 16. 0-0-0 Nh7 17. Kb1 Bf6 18. Qd2 Ng4 19. Rhf1 Ng5 20. Qc2 Ne4 21. Nxe4 fxe4 22. Bxf6 gxf6 23. e3 Bf5 24. Rd4 Nh2 1/2-1/2

[Event "Bunratty Masters op 19th"]
[Site "Bunratty"]
[Date "2012.02.17"]
[Round "1"]
[White "Griffiths, Ryan Rhys"]
[Black "Doyle, Hugh"]
[Result "1-0"]
[WhiteElo "2310"]
[BlackElo "1910"]
[PlyCount "25"]
[EventDate "2012.02.17"]
[EventType "swiss"]
[EventRounds "6"]
[EventCountry "IRL"]
[SourceTitle "CBM 146 Extra"]
[Source "ChessBase"]
[SourceDate "2012.02.29"]
[SourceVersion "1"]
[SourceVersionDate "2012.02.29"]
[SourceQuality "1"]

1. e4 c6 2. d4 d5 3. f3 dxe4 4. fxe4 e5 5. Nf3 Bg4 6. Bc4 Nf6 7. Bxf7+ Kxf7 8. Nxe5+ Kg8 9. Nxg4 Nxe4 10. 0-0 Nd7 11. Nh6+ gxh6 12. Qg4+ Ng5 13. Bxg5 1-0

[Event "Gatwick e2e4 int op-A"]
[Site "Gatwick"]
[Date "2011.10.29"]
[Round "6"]
[White "Murphy, Conor"]
[Black "Doyle, Hugh"]
[Result "1/2-1/2"]
[WhiteElo "1984"]
[BlackElo "1903"]
[PlyCount "35"]
[EventDate "2011.10.26"]
[EventType "swiss"]
[EventRounds "9"]
[EventCountry "ENG"]
[SourceTitle "EXT 2014"]
[Source "ChessBase"]
[SourceDate "2013.11.20"]
[SourceVersion "1"]
[SourceVersionDate "2013.11.20"]
[SourceQuality "1"]

1. e4 c6 2. d4 d5 3. Nd2 dxe4 4. Nxe4 Bf5 5. Ng3 Bg6 6. Nf3 Nf6 7. h4 h6 8. h5 Bh7 9. Bd3 Bxd3 10. Qxd3 e6 11. Ne5 Nbd7 12. f4 c5 13. Bd2 cxd4 14. Ng6 Rg8 15. Nxf8 Rxf8 16. Bb4 Rg8 17. Qxd4 Qb6 18. Qxb6 1/2-1/2

[Event "Gatwick e2e4 int op-A"]
[Site "Gatwick"]
[Date "2011.10.28"]
[Round "5"]
[White "Middleton, Tom"]
[Black "Doyle, Hugh"]
[Result "1/2-1/2"]
[WhiteElo "1982"]
[BlackElo "1903"]
[PlyCount "31"]
[EventDate "2011.10.26"]
[EventType "swiss"]
[EventRounds "9"]
[EventCountry "ENG"]
[SourceTitle "EXT 2014"]
[Source "ChessBase"]
[SourceDate "2013.11.20"]
[SourceVersion "1"]
[SourceVersionDate "2013.11.20"]
[SourceQuality "1"]

1. e4 c6 2. Nc3 d5 3. Nf3 Bg4 4. h3 Bxf3 5. Qxf3 e6 6. Be2 Nf6 7. 0-0 dxe4 8. Nxe4 Nxe4 9. Qxe4 Nd7 10. d4 Nf6 11. Qd3 Bd6 12. c4 Bc7 13. Be3 0-0 14. Rfd1 Qd6 15. g3 e5 16. dxe5 1/2-1/2

[Event "IRL-ch e2e4"]
[Site "Dublin"]
[Date "2011.07.02"]
[Round "1"]
[White "Doyle, Hugh"]
[Black "Murray, David"]
[Result "0-1"]
[WhiteElo "1909"]
[BlackElo "2096"]
[PlyCount "52"]
[EventDate "2011.07.02"]
[EventType "swiss"]
[EventRounds "9"]
[EventCountry "IRL"]
[SourceTitle "CBM 143 Extra"]
[Source "ChessBase"]
[SourceDate "2011.08.29"]
[SourceVersion "1"]
[SourceVersionDate "2011.08.29"]
[SourceQuality "1"]

1. c4 e5 2. g3 Nc6 3. Bg2 f5 4. Nc3 Nf6 5. d3 Bb4 6. Bd2 d6 7. e3 Bxc3 8. Bxc3 0-0 9. Ne2 Qe8 10. Qd2 Rb8 11. 0-0-0 b5 12. cxb5 Rxb5 13. e4 fxe4 14. dxe4 Ng4 15. Rdf1 Nxf2 16. Rhg1 Ng4 17. Rxf8+ Qxf8 18. Rf1 Qe8 19. h3 Nf6 20. g4 Qe6 21. b3 a5 22. Ng3 a4 23. bxa4 Rc5 24. Kb2 Qc4 25. Nf5 Be6 26. Ra1 Qxa4 0-1

[Event "Bunratty Masters op 18th"]
[Site "Bunratty"]
[Date "2011.02.27"]
[Round "6"]
[White "Doyle, Hugh"]
[Black "Porter, Liam"]
[Result "1/2-1/2"]
[WhiteElo "1916"]
[BlackElo "1983"]
[PlyCount "43"]
[EventDate "2011.02.25"]
[EventType "swiss"]
[EventRounds "6"]
[EventCountry "IRL"]
[SourceTitle "CBM 141 Extra"]
[Source "ChessBase"]
[SourceDate "2011.05.03"]
[SourceVersion "1"]
[SourceVersionDate "2011.05.03"]
[SourceQuality "1"]

1. c4 f5 2. g3 e5 3. Bg2 Nf6 4. Nc3 d6 5. d3 Nc6 6. e4 g6 7. Nge2 Bg7 8. 0-0 0-0 9. Bd2 Nd4 10. h3 fxe4 11. dxe4 Nxe2+ 12. Qxe2 Bd7 13. Be3 Be6 14. Rac1 Qe7 15. b3 c6 16. Rfd1 Rfd8 17. Rd3 Rd7 18. Qd2 b6 19. a4 Rad8 20. Rd1 d5 21. cxd5 cxd5 22. Bg5 1/2-1/2

[Event "Bunratty Masters op 18th"]
[Site "Bunratty"]
[Date "2011.02.25"]
[Round "1"]
[White "Doyle, Hugh"]
[Black "Collins, Sam E"]
[Result "0-1"]
[WhiteElo "1916"]
[BlackElo "2436"]
[PlyCount "148"]
[EventDate "2011.02.25"]
[EventType "swiss"]
[EventRounds "6"]
[EventCountry "IRL"]
[SourceTitle "CBM 141 Extra"]
[Source "ChessBase"]
[SourceDate "2011.05.03"]
[SourceVersion "1"]
[SourceVersionDate "2011.05.03"]
[SourceQuality "1"]

1. c4 e6 2. g3 d5 3. b3 Nf6 4. Bb2 c5 5. Bg2 Nc6 6. Nf3 d4 7. d3 Be7 8. 0-0 0-0 9. e3 e5 10. exd4 cxd4 11. Re1 Qc7 12. a3 a5 13. Nbd2 Bg4 14. h3 Bh5 15. Qe2 Nd7 16. g4 Bg6 17. Nxd4 exd4 18. Bxc6 Qxc6 19. Qxe7 Nc5 20. Bxd4 Nxd3 21. Re3 Nf4 22. Nf3 Nxh3+ 23. Kh2 Rfe8 24. Qc5 Qxc5 25. Bxc5 Rec8 26. Kxh3 Rxc5 27. Nh4 a4 28. Nxg6 hxg6 29. f3 axb3 30. Rxb3 Rxc4 31. Rxb7 g5 32. Rb3 Ra6 33. Kg3 Kh7 34. Ra2 Rca4 35. Rh2+ Kg6 36. Ra2 Rc4 37. Rab2 f6 38. Rd2 Ra7 39. Rdb2 Rca4 40. Ra2 Ra8 41. Rc3 R4a7 42. Rb3 Ra4 43. Rc3 Rd8 44. Rb2 Ra7 45. Rbc2 Rd1 46. Ra2 Ra4 47. Rb3 Rd6 48. Rab2 Rda6 49. Ra2 Ra7 50. Rc3 Kf7 51. Re3 g6 52. Rb3 Kg7 53. Rc3 R4a6 54. Rb3 f5 55. Rc3 Ra4 56. Rb3 R7a6 57. Rb5 f4+ 58. Kf2 Rxa3 59. Rxa3 Rxa3 60. Rxg5 Ra2+ 61. Kf1 Kf6 62. Rb5 Ra3 63. Ke2 Re3+ 64. Kf2 Re5 65. Rb8 Ra5 66. Rf8+ Kg5 67. Rb8 Ra2+ 68. Kf1 Kh4 69. Rb6 g5 70. Rb5 Kg3 71. Rxg5 Kxf3 72. Ke1 Kg2 73. Rf5 f3 74. g5 f2+ 0-1

[Event "Cork Masters 17th"]
[Site "Cork"]
[Date "2009.03.29"]
[Round "5"]
[White "Doyle, Hugh"]
[Black "Short, Philip M"]
[Result "1/2-1/2"]
[WhiteElo "1910"]
[BlackElo "2309"]
[PlyCount "69"]
[EventDate "2009.03.27"]
[EventType "swiss"]
[EventRounds "6"]
[EventCountry "IRL"]
[SourceTitle "EXT 2023"]
[Source "ChessBase"]
[SourceDate "2022.10.05"]
[SourceVersion "1"]
[SourceVersionDate "2022.10.05"]
[SourceQuality "1"]

1. e4 e6 2. d4 d5 3. exd5 exd5 4. Nf3 Nf6 5. Bf4 Bd6 6. Bxd6 Qxd6 7. c3 0-0 8. Be2 Nc6 9. 0-0 Bf5 10. Nbd2 Rfe8 11. Nb3 Ne4 12. Nh4 Bd7 13. Bg4 b6 14. Nf5 Bxf5 15. Bxf5 g6 16. Bg4 Re7 17. Be2 Rae8 18. Bb5 Re6 19. Nc1 R8e7 20. Nd3 Na5 21. Ne5 f6 22. Nf3 Qf4 23. Qc1 Qd6 24. Rd1 Nc4 25. Bxc4 dxc4 26. d5 Re5 27. Nxe5 Rxe5 28. Rd4 f5 29. f3 Nf6 30. Qf1 b5 31. a4 a6 32. axb5 axb5 33. Re1 Nxd5 34. Rxe5 Qxe5 35. Rd1 1/2-1/2